ENT: in focus (Record no. 31355)

MARC details
000 -LEADER
fixed length control field 00710nam a2200193 a 4500
008 - FIXED-LENGTH DATA ELEMENTS--GENERAL INFORMATION
fixed length control field 120217s2005 ||||||||||||||||| || u
020 ## - INTERNATIONAL STANDARD BOOK NUMBER
International Standard Book Number 9780443100802
050 ## - LIBRARY OF CONGRESS CALL NUMBER
Classification number RF 81 You
100 ## - MAIN ENTRY--PERSONAL NAME
Personal name Youngs, Robin
245 10 - TITLE STATEMENT
Title ENT: in focus
Statement of responsibility, etc. by Robin Youngs and Nicholas D. Stafford
260 ## - PUBLICATION, DISTRIBUTION, ETC.
Place of publication, distribution, etc. Edingburgh:
Name of publisher, distributor, etc. Elsevier
Date of publication, distribution, etc. 2005
300 ## - PHYSICAL DESCRIPTION
Extent vii, 178p.: ill.
350 ## -
-- 0.00
490 ## -
-- Colour Guide
650 ## - SUBJECT ADDED ENTRY--TOPICAL TERM
Topical term or geographic name entry element OTOLARYNGOLOGY--ATLASES
650 ## - SUBJECT ADDED ENTRY--TOPICAL TERM
Topical term or geographic name entry element OTORHINOLARYNGOLOGIC DISEASES--SURGERY
700 ## - ADDED ENTRY--PERSONAL NAME
Personal name Stafford, Nicholas D
995 ## -
-- MEDICAL LIBRARY OPEN ACCESS
-- 901533
-- CBU-SCHOOL OF MEDICINE LIBRARY (Ndola)
-- 0.00
-- RF 81 You
-- 1
-- AVAILABLE
-- Jun 27, 2012
-- 901533
-- Medical Library Open Access Collection
999 ## -
-- 31355
-- 31355
Holdings
Withdrawn status Lost status Source of classification or shelving scheme Damaged status Not for loan Permanent Location Current Location Shelving location Date acquired Total Checkouts Full call number Barcode Date last seen Date last checked out Price effective from Koha item type
          CBU-SCHOOL OF MEDICINE LIBRARY, NDOLA. CBU-SCHOOL OF MEDICINE LIBRARY, NDOLA.   11/30/2022 3 RF 81 You 901533 04/30/2025 04/11/2025 11/30/2022 MONOGRAPH